| 000 | 00401nam a22001577a 4500 | ||
|---|---|---|---|
| 003 | SGT | ||
| 020 | _a9788180618567 | ||
| 082 |
_a610.7367 _bM10V |
||
| 100 | _aVENKATESH, G. VIJAYLAKSHMI | ||
| 245 | _aMEDICAL SURGICAL NURSING (SOLVED QUESTIONS FOR UG NURSES) | ||
| 250 | _a1ST | ||
| 260 |
_aINDIA _bJAYPEE PUB _c2010 |
||
| 300 | _a243 | ||
| 650 | _aMEDICAL SURGICAL NURSING | ||
| 942 |
_2ddc _cBK _021 |
||
| 999 |
_c21910 _d21910 |
||